000 00840nam a2200253 a 4500
001 000012940
003 DO-SdBNP
005 20240530073915.0
008 091118s1975 dr 000 f spa d
040 _aDO-SdBNP
_bspa
_cBNPHU
082 _aRD863.44
_bR666h
100 1 _aRobiou, José Ramón,
_d1941-
_928201
245 1 3 _aEl hijo de Cristo /
_cJosé Ramón Robiou.
260 _aSanto Domingo :
_bCultural Dominicana,
_c1975.
300 _a177 p. ;
_c21 cm.
500 _aIncluye notas al pie de las páginas
500 _aIncluye datos biográficos del autor en la contracubierta
586 _aPremio de la crítica de los Estados Unidos, 1973
590 _aInventariado,2019/VM
650 0 _aNovela dominicana
_9223
650 0 _aLiteratura dominicana.
_967
910 _aValidado. Control de calidad MFF
942 _2ddc
_cLBS1
999 _c12588
_d12588